Normal view
MARC view
- ELECTRIC ENERGY PROCESSING SYSTEMS.OPERATION AND CONTROL OF ELECTRIC ENERGY
Entry Topical Term
001 - CONTROL NUMBER
- control field: 68906
003 - CONTROL NUMBER IDENTIFIER
- control field: NUST
005 - DATE AND TIME OF LATEST TRANSACTION
- control field: 20210628204135.0
008 - FIXED-LENGTH DATA ELEMENTS
- fixed length control field: 210628|| aca||aabn | a|a d
040 ## - CATALOGING SOURCE
- Original cataloging agency: NUST
- Transcribing agency: NUST
150 ## - HEADING--TOPICAL TERM
- Topical term or geographic name entry element: ELECTRIC ENERGY PROCESSING SYSTEMS.OPERATION AND CONTROL OF ELECTRIC ENERGY
670 ## - SOURCE DATA FOUND
- Source citation: Work cat.: (NUST): Momoh, James , Mili, Lamine 68905, Operation and control of electric energy processing systems, 2010
